000 00715nam a2200241 i 4500
001 18841
003 ES-MaACL
007 t|
008 020321s1980 sp ||||0| spa d
016 7 _zSIC92010914
020 _a84-85287-22-3
040 _aM-BN
_bspa
_cSIC
080 _a946.011
100 1 _aGonzález López, Emilio.
_958763
245 1 0 _aHistoria de Galicia /
_cEmilio González López.
260 _aLa Coruña :
_bLa Voz de Galicia,
_cD.L. 1980.
300 _a882 p. :
_bil. ;
_c22 cm.
490 1 _aBiblioteca gallega. Serie nova
651 4 _aGalicia-
_xHistoria.
_98728
830 0 _aBiblioteca gallega. Serie nova
_9228834
852 _aES-MaACL
_jG-4680
_bR.139988
999 _c18841
_d18841